[Event "COL Students-ch (Women)"]
[Site "Santa Fe"]
[Date "2023.09.25"]
[Round "6"]
[White "Bedoya Canas, Maria Isabel"]
[Black "Rivas Garcia, Maria Fernanda"]
[Result "1/2-1/2"]
[WhiteElo "1359"]
[BlackElo "1223"]
[PlyCount "29"]
[EventDate "2023.09.23"]
[EventType "swiss"]
[EventRounds "6"]
[EventCountry "COL"]
[SourceTitle "CBM 216 Extra"]
[Source "ChessBase"]
[SourceDate "2023.11.30"]
[SourceVersion "1"]
[SourceVersionDate "2023.11.30"]
[SourceQuality "1"]

1. e4 e6 2. b3 d5 3. Bb2 Nf6 4. Nc3 c5 5. exd5 exd5 6. Bb5+ Bd7 7. Bxd7+ Qxd7 8. d4 Qe6+ 9. Nge2 c4 10. 0-0 Bd6 11. Re1 0-0 12. Ng3 Qd7 13. Qf3 Bb4 14. Re2 Nc6 15. Rd1 1/2-1/2

[Event "Medellin Flores op 30th"]
[Site "Medellin"]
[Date "2023.08.06"]
[Round "6"]
[White "Bedoya Canas, Maria Isabel"]
[Black "Molina Ballesteros, Juan Sebastian"]
[Result "0-1"]
[WhiteElo "1347"]
[BlackElo "1741"]
[PlyCount "63"]
[EventDate "2023.08.03"]
[EventType "swiss"]
[EventRounds "9"]
[EventCountry "COL"]
[SourceTitle "EXT 2024"]
[Source "ChessBase"]
[SourceDate "2023.10.10"]
[SourceVersion "1"]
[SourceVersionDate "2023.10.10"]
[SourceQuality "1"]

1. e4 c5 2. Nf3 d6 3. d4 cxd4 4. Nxd4 Nf6 5. Nc3 a6 6. Be3 e5 7. Nb3 Be6 8. f3 Be7 9. Qd2 0-0 10. g4 d5 11. exd5 Nxd5 12. 0-0-0 Nxe3 13. Qxe3 Bg5 14. Rxd8 Bxe3+ 15. Rd2 Nc6 16. Kb1 Bxd2 17. Nxd2 Rad8 18. Nde4 b5 19. a3 Nd4 20. Bg2 f5 21. gxf5 Bxf5 22. Rf1 a5 23. f4 Bxe4 24. Nxe4 Rxf4 25. Rd1 Ne6 26. Re1 Rdf8 27. Bh3 Nd4 28. Bg2 Nf3 29. Re2 Rxe4 30. Rxe4 Nd2+ 31. Kc1 Nxe4 32. Bxe4 0-1

[Event "Antioquia op"]
[Site "Antioquia"]
[Date "2020.03.07"]
[Round "8"]
[White "Bedoya Canas, Maria Isabel"]
[Black "Caicedo Gomez, Javier Dario"]
[Result "1-0"]
[WhiteElo "1408"]
[BlackElo "1078"]
[PlyCount "95"]
[EventDate "2020.03.03"]
[EventType "swiss"]
[EventRounds "9"]
[EventCountry "COL"]
[SourceTitle "CBM 195 Extra"]
[Source "ChessBase"]
[SourceDate "2020.05.31"]
[SourceVersion "1"]
[SourceVersionDate "2020.05.31"]
[SourceQuality "1"]

1. e4 d5 2. exd5 Qxd5 3. Nc3 Qa5 4. d4 c6 5. Nf3 Nf6 6. Bd2 Bf5 7. Bc4 e6 8. Bb3 Be7 9. Nd5 Qd8 10. Nxe7 Qxe7 11. Qe2 0-0 12. 0-0-0 Nbd7 13. Nh4 Bg6 14. Nxg6 hxg6 15. h4 a5 16. a3 Nb6 17. g4 Nbd5 18. h5 a4 19. Ba2 b5 20. g5 Nxh5 21. Bxd5 cxd5 22. Kb1 f6 23. Bb4 Qd7 24. Bxf8 Kxf8 25. gxf6 Nxf6 26. Rh8+ Ng8 27. Rg1 Kf7 28. Qf3+ Ke7 29. Rxg6 Kd6 30. Qg3+ Kc6 31. Rxg7 Qd6 32. Qxd6+ Kxd6 33. Rhxg8 Ra6 34. Rd8+ Kc6 35. Re7 Ra5 36. Rxe6+ Kc7 37. Rxd5 Ra7 38. Re7+ Kc6 39. Rc5+ Kb6 40. Rxa7 Kxa7 41. f4 Kb6 42. f5 Ka7 43. f6 Kb6 44. f7 b4 45. f8Q b3 46. Qd6+ Kb7 47. Rc7+ Kb8 48. Qd8# 1-0

[Event "Medellin IRT de Segunda Antioquia"]
[Site "Medellin"]
[Date "2019.05.22"]
[Round "1.7"]
[White "Garces Trujillo, Luis Javier"]
[Black "Bedoya Canas, Maria Isabel"]
[Result "1-0"]
[WhiteElo "1892"]
[BlackElo "1410"]
[PlyCount "95"]
[EventDate "2019.05.22"]
[EventType "swiss"]
[EventRounds "7"]
[EventCountry "COL"]
[SourceTitle "EXT 2024"]
[Source "ChessBase"]
[SourceDate "2023.10.10"]
[SourceVersion "1"]
[SourceVersionDate "2023.10.10"]
[SourceQuality "1"]

1. d4 d5 2. c4 c6 3. Nf3 Nf6 4. Nc3 e6 5. e3 Bd6 6. Bd3 dxc4 7. Bxc4 b5 8. Bd3 Nbd7 9. 0-0 0-0 10. e4 e5 11. Bc2 Bb7 12. Bg5 h6 13. Bh4 Re8 14. d5 Nb6 15. dxc6 Bxc6 16. a3 a6 17. Qe2 Qe7 18. Bb3 Rac8 19. Rfd1 Red8 20. Rac1 Bb7 21. Nd2 Bc5 22. Qf3 Bd4 23. Ndb1 Nc4 24. Bxc4 Rxc4 25. h3 Rd6 26. Qe2 Qc7 27. Kh1 Bb6 28. Nd2 Rcc6 29. Bxf6 gxf6 30. Qg4+ Kh7 31. Nf1 Rxd1 32. Rxd1 Rd6 33. Rxd6 Qxd6 34. Ng3 Qd2 35. Qf5+ Kg8 36. Nh5 Qxf2 37. Nxf6+ Kf8 38. Nd7+ Kg8 39. Nxb6 Qxb6 40. Qxe5 Qd8 41. Nd5 Bxd5 42. exd5 Qc8 43. d6 Qc6 44. Qf6 Qc8 45. Qxh6 Qd8 46. Qf4 Qd7 47. Kh2 Qd8 48. Qe5 1-0